| 000 | 00667nam a22002057a 4500 | ||
|---|---|---|---|
| 003 | 0 | ||
| 005 | 20231120144758.0 | ||
| 008 | 231120b xxu||||| |||| 00| 0 eng d | ||
| 020 | _a978-1-284-22046-9 | ||
| 050 |
_aRT 50.5 _b.M44 2022 |
||
| 100 | _aMcGonigle, Dee | ||
| 245 |
_aNursing informatics and the foundation of knowledge _c Dee McGonigle |
||
| 250 | _aFifth edition | ||
| 260 |
_aBurlington, MA _bJones & Barlett Learning _cc2022. |
||
| 300 |
_axxii, 677 pages : _bcolored illustrations ; _c23 cm. |
||
| 504 | _aIncludes bibliographical references, index, and glossary. | ||
| 650 | _aNursing informatics. | ||
| 650 | _aKnowledge. | ||
| 942 |
_2lcc _cBK |
||
| 999 |
_c365661 _d365661 |
||